Electric circuit analysis (Record no. 43)

MARC details
000 -LEADER
Fixed length control field 00494nam a2200181 4500
003 - CONTROL NUMBER IDENTIFIER
Control field SEACOMMC
005 - DATE AND TIME OF LATEST TRANSACTION
Control field 20231010054759.0
008 - FIXED-LENGTH DATA ELEMENTS--GENERAL INFORMATION
Fixed length control field 231010b |||||||| |||| 00| 0 eng d
020 ## - INTERNATIONAL STANDARD BOOK NUMBER / ISBN
Price Rs. 350.00
040 ## - CATALOGING SOURCE
Original cataloging agency SEACOMMC
082 ## - DEWEY DECIMAL CLASSIFICATION NUMBER
Classification number 621.3192
Book Number BAB
100 1# - MAIN ENTRY--PERSONAL NAME
Personal name Babu, P. Ramesh
245 1# - TITLE STATEMENT
Title Electric circuit analysis
Statement of responsibility P. Ramesh Babu
260 ## - IMPRINT
Place of publication Chennai
Name of publisher Scitech
Date of publication 2006
650 ## - SUBJECT ADDED ENTRY--TOPICAL TERM
Topical term Engineering
650 ## - SUBJECT ADDED ENTRY--TOPICAL TERM
Topical term Generation, modification, storage, transmission of electric power
942 ## - ADDED ENTRY ELEMENTS (KOHA)
Koha item type Books
Holdings
Withdrawn status Lost status Source of classification Damaged status Not for loan Home library Current library Date acquired Total Checkouts Call number Accession number Date last seen Price effective from Koha item type
    Dewey Decimal Classification     SEACOM MANAGEMENT COLLEGE SEACOM MANAGEMENT COLLEGE 20/07/2006   621.3192 BAB 03942 10/10/2023 10/10/2023 Books
© Seacom Engineering College, All rights reserved.    Powered by Koha